000 00657nam a2200241Ia 4500
003 OSt
005 20221007080516.0
006 a|||||r|||| 00| 0
007 ta
008 221006b |||||||| |||| 00| 0 eng d
024 _a9,358
037 _cTextual
040 _aFLL
_cFLL
_beng
041 _2eng
_aeng
082 _aW:5, P3
100 _aKramer Matthew H. Au.
_9619189
245 0 _aBebate over rights
260 _aNew Delhi
_bUniversity press India
_c2003
300 _a307p
_ccm.
700 _a Simmonds N.E. Au.
_9694958
942 _hW:5, P3
_cTEXL
_2CC
999 _c1159911
_d1159911